[Event "Buenos Aires tt"]
[Site "Buenos Aires"]
[Date "1995.??.??"]
[Round "?"]
[White "Bonaveri, Agustin"]
[Black "Campos, Jose Felix"]
[Result "1-0"]
[WhiteElo "2270"]
[BlackElo "2275"]
[PlyCount "69"]
[EventDate "1995.??.??"]
[EventType "team"]
[EventRounds "7"]
[EventCountry "ARG"]
[SourceTitle "EXT 1998"]
[Source "ChessBase"]
[SourceDate "1997.11.17"]
[SourceVersion "1"]
[SourceVersionDate "1997.11.17"]
[SourceQuality "1"]

1. e4 e5 2. Nf3 Nc6 3. Bc4 Nf6 4. d3 Bc5 5. 0-0 0-0 6. Bb3 d5 7. exd5 Nxd5 8. h3 h6 9. Re1 Re8 10. Nbd2 Nf6 11. Ne4 Nxe4 12. dxe4 Nd4 13. Nxd4 Bxd4 14. Qf3 Be6 15. c3 Bb6 16. Rd1 Qh4 17. Be3 Bxb3 18. axb3 Re6 19. Bxb6 Rxb6 20. Rd7 Rf6 21. Qe3 Rf4 22. f3 b6 23. Kh2 Qh5 24. Qd2 Qg5 25. Rxc7 Re8 26. Raxa7 Re6 27. Rd7 Rg6 28. Qf2 f5 29. Ra8+ Kh7 30. Rdd8 Rf6 31. g3 Rxe4 32. fxe4 fxe4 33. Qe2 h5 34. Qxe4+ Rf5 35. h4 1-0

[Event "Lomas de Zamora op"]
[Site "Lomas de Zamora"]
[Date "1995.??.??"]
[Round "7"]
[White "Bonaveri, Agustin"]
[Black "Diaz Hollemaert, Nahuel Carlos"]
[Result "0-1"]
[WhiteElo "2270"]
[BlackElo "2340"]
[PlyCount "32"]
[EventDate "1995.??.??"]
[EventType "swiss"]
[EventRounds "9"]
[EventCountry "ARG"]
[SourceTitle "EXT 2004"]
[Source "ChessBase"]
[SourceDate "2003.11.25"]
[SourceVersion "1"]
[SourceVersionDate "2003.11.25"]
[SourceQuality "1"]

1. g3 Nf6 2. Bg2 d5 3. d3 e5 4. Nf3 Nc6 5. 0-0 Be7 6. c3 a5 7. a4 0-0 8. Na3 h6 9. Ne1 Bf5 10. Nb5 Qd7 11. f4 Bc5+ 12. e3 e4 13. d4 Bd6 14. b3 Ne7 15. c4 Bb4 16. Nc2 Bg4 0-1